000 00237nam a22001097a 4500
082 _a823
_bOWE/T
100 _aOWEN, CHRISTINA T
245 _aTHE TWO K'S
520 _aENGLISH SHORT STORIES
650 _aENGLISH SHORT STORIES
942 _cBK
999 _c5165
_d5165